| 000 | 00524nam a2200169 a 4500 | ||
|---|---|---|---|
| 001 | 000023362 | ||
| 005 | 20200930022151.0 | ||
| 008 | 101203s1978 ag r 000 | spa d | ||
| 020 | _a031142063x | ||
| 040 |
_aDO-SdBNP _bspa _cBNPHU |
||
| 082 |
_axxx _bD324q |
||
| 100 | 1 |
_aDeiros, Pablo A. _948129 |
|
| 245 | 1 | 0 |
_a¿Qué paso con estos pecados? : _bmeditaciones sobre la conducta personal / _cPablo A. Deiros. |
| 260 |
_aBuenos Aires : _bCasa Bautista de Publicaciones, _c1978. |
||
| 300 |
_a94 p. ; _c19 cm. |
||
| 049 | _aBNGR | ||
| 999 |
_c22859 _d22859 |
||